LEADER 01019nam0-22003131i-450- 001 990008504760403321 005 20071206100818.0 035 $a000850476 035 $aFED01000850476 035 $a(Aleph)000850476FED01 035 $a000850476 100 $a20070420g19801981km-y0itay50------ba 101 0 $aita 102 $aIT 105 $aa-------001yy 200 1 $aStoria dell'arte italiana$eparte III. Situazioni momenti indagini$e[vol.II.:]Grafica e immagine$eI. Scrittura Miniatura Disegno$eII.illustrazione fotografica$f[a cura di Federico Zeri] 210 $aTorino$cEinaudi$dc1980-1981 215 $a2 tomi$cill.$d22 cm 225 1 $aStoria dell'arte italiana$fcoordinamento editoriale di Paolo Fossati$v9 610 0 $aARTE$aItalia$aStoria 676 $a745.0945 801 0$aIT$bUNINA$gRICA$2UNIMARC 901 $aBK 912 $a990008504760403321 952 $a08 MM 14$b6845$fDINED 952 $a08 MM 13$fDINED 959 $aDINED 996 $aStoria dell'arte italiana$9303799 997 $aUNINA LEADER 01528cam a2200301 4500 001 991003252679707536 005 20250430130204.0 008 941125s1806 it b 000 0 ita d 035 $ab14304016-39ule_inst 035 $aCICOGNARA-2014-0061$9ExL 040 $aBibl. Interfacoltà T. Pellegrino$bita 100 1 $aFea, Carlo$d<1753-1836>$037512 245 10$aDei diritti del principato sugli antichi edifizj publici sacri e profani in occasione del Panteon di Marco Agrippa /$cmemoria dell'avvocato D. Carlo Fea ... 260 $aRoma :$bFulgoni,$c1806. 300 $a24 p.; $c21 cm. 500 $aRiproduzione in microfiche dell'originale conservato presso la Biblioteca Apostolica Vaticana 504 $aComprende riferimenti bibliografici. 610 24$aPantheon (Roma) 650 4$aBeni culturali$xConservazione e restauro$zItalia$zRoma 651 4$aRoma (città)$xAntichità 787 18$iLeopoldo Cicognara Program :$tBiblioteca Cicognara$h[microform] : literary sources in the history of art and kindred subjects 787 18$tCatalogo ragionato dei libri d'arte e d'antichità / Leopoldo Cicognara 907 $a.b14304016$b01-04-22$c28-07-16 912 $a991003252679707536 945 $aLE002 SB Raccolta Cicognara, mcrf 3714$g0$lle002$pE0.00$rn$so $t11$u0$v0$w0$x0$y.i15775562$z28-07-16 996 $aDei diritti del principato sugli antichi edifizj publici sacri e profani in occasione del Panteon di Marco Agrippa$91392158 997 $aUNISALENTO 998 $ale002$b28-07-16$cm$dg $e-$fita$git $h0$i1 LEADER 03626nam 22007335 450 001 9910512197803321 005 20251101110031.0 010 $a3-11-059757-8 010 $a3-11-059720-9 024 7 $a10.1515/9783110597202 035 $a(CKB)4100000005958694 035 $a(MiAaPQ)EBC5516066 035 $a(DE-B1597)494466 035 $a(OCoLC)1031411103 035 $a(DE-B1597)9783110597202 035 $a(oapen)https://directory.doabooks.org/handle/20.500.12854/74617 035 $a(PPN)229519385 035 $a(oapen)doab74617 035 $a(ODN)ODN0004296298 035 $a(EXLCZ)994100000005958694 100 $a20180725d2018 fg 101 0 $ager 135 $aurcnu|||||||| 181 $ctxt$2rdacontent 182 $cc$2rdamedia 183 $acr$2rdacarrier 200 10$aJustinian und die Armee des frühen Byzanz /$fClemens Koehn 210 $aBerlin/Boston$cDe Gruyter$d2018 210 1$aBerlin ;$aBoston :$cDe Gruyter,$d[2018] 210 4$d©2018 215 $a1 online resource (318 pages) 225 0 $aMillennium-Studien / Millennium Studies ;$v70 311 08$a3-11-059701-2 320 $aIncludes bibliographical references and index. 327 $tFrontmatter --$tVorwort --$tInhalt --$tI . Einleitung --$tII .Die Armee als militärisches Instrument --$tIII. Die Armee als politisches Instrument --$tIV. Schlußbetrachtung: Justinians Kriegführung als Modell der byzantinischen Kriegführung? --$tV .Quellen- und Literaturverzeichnis --$tNamens- und Sachregister --$tStellenregister 330 $aSowohl die Regierung Kaiser Justinians I. (527-565) als auch die spätantike/frühbyzantinische Armee sind seit einigen Jahren intensiv diskutierte Themen gerade der althistorischen Forschung. Dabei wird allerdings die Militärpolitik aus der Analyse der kaiserlichen Regierung weitgehend ausgeblendet. Die Rolle des Kaisers als Oberkommandierender der Armee findet kaum Beachtung, obgleich Justinian in einem seine Vorgänger weit übertreffenden Maße Kriege geführt hat. Der Kaiser gilt als akribischer Organisator der zivilen Verwaltung, aber militärisch eher als Laie. Hier wird nun erstmals umfassend die These argumentiert, dass Justinian militärischen Sachfragen insgesamt deutlich mehr Aufmerksamkeit gewidmet hat als bislang angenommen. Von Beginn an betrieb er eine aktive Militärpolitik, die freilich zunehmend politischen und finanziellen Kontigenzen ausgesetzt war und schließlich scheiterte. An der Schnittstelle von Alter Geschichte, Byzantinistik und Militärgeschichte angesiedelt, stellt die Studie somit einen Beitrag zu der vieldiskutierten Frage nach den konkreten Entscheidungsabläufen und der Intentionalität des kaiserlichen Handelns im frühen Byzanz dar. 410 0$aMillennium-Studien ;$vBand 70. 606 $aArmee 606 $aByzantium 606 $aByzanz 606 $aJustinian 606 $aMilitärgeschichte 606 $amilitary history, army 607 $aByzantine Empire$xHistory$y527-1081 610 $aJustinian 610 $aByzantium 610 $amilitary history 610 $aarmy 615 4$aArmee. 615 4$aByzantium. 615 4$aByzanz. 615 4$aJustinian. 615 4$aMilitärgeschichte. 615 4$amilitary history, army. 676 $a949.5/013 676 $a949.5013000000 686 $aHIS002000$aHIS027000$aHIS037010$2bisacsh 700 $aKoehn$b Clemens$0600070 801 0$bDE-B1597 801 1$bDE-B1597 906 $aBOOK 912 $a9910512197803321 996 $aJustinian und die Armee des frühen Byzanz$92558093 997 $aUNINA